Walking Dead Characters by Actor Image - Statistics

General Stats
  • This quiz has been taken 644 times
  • The average score is 26 of 30
Answer Stats
Picture Hint Answer % Correct
Andrew Lincoln Rick Grimes
100%
Chandler Riggs Carl Grimes
99%
Norman Reedus Daryl Dixon
99%
Steven Yeun Glenn Rhee
99%
Melissa McBride Carol Peletier
98%
Lauren Cohan Maggie Rhee
98%
Danai Gurira Michonne
97%
Jeffery Dean Morgan Negan
97%
Michael Cudlitz Abraham Ford
96%
Lennie James Morgan Jones
95%
Tom Payne Paul "Jesus" Rovia
94%
David Morrissey Phillip Blake
94%
Laurie Holden Andrea
93%
Josh McDermitt Eugene Porter
93%
Seth Gilliam Gabriel Stokes
93%
Christian Serratos Rosita Espinosa
93%
Jon Bernthal Shane Walsh
92%
Ross Marquand Aaron
90%
Emily Kinney Beth Greene
87%
Sarah Wayne Callies Lori Grimes
86%
Austin Amelio Dwight
84%
Katelyn Nacon Enid
82%
Sonequa Martin Green Sasha Williams
81%
Steven Ogg Simon
81%
Michael Rooker Merle Dixon
77%
Scott Wilson Hershel Greene
72%
Xander Berkeley Gregory
71%
Pollyanna McIntosh Jadis
68%
Austin Nichols Spencer Monroe
68%
Khary Payton Ezekiel
59%
No matching quizzes found
Score Distribution
Percent of People with Each Score
Percentile by Number Answered
Your Score History
You have not taken this quiz